[Event "Pinneberg op Seniors 11th"]
[Site "Pinneberg"]
[Date "2010.07.15"]
[Round "4"]
[White "Sagitow, Kamil"]
[Black "Reheis, Anton"]
[Result "0-1"]
[WhiteElo "1471"]
[BlackElo "1345"]
[PlyCount "117"]
[EventDate "2010.06.24"]
[EventType "swiss"]
[EventRounds "7"]
[EventCountry "GER"]
[SourceTitle "EXT 2011"]
[Source "ChessBase"]
[SourceDate "2010.11.26"]
[SourceVersion "1"]
[SourceVersionDate "2010.11.26"]
[SourceQuality "1"]

1. e4 c5 2. Nc3 e6 3. Nf3 Nc6 4. Bc4 Nge7 5. a3 b6 6. b3 Bb7 7. Bb2 Na5 8. Bd3 d5 9. Bb5+ Nac6 10. 0-0 a6 11. Bd3 d4 12. Ne2 e5 13. Ng3 Ng6 14. a4 Be7 15. c3 0-0 16. Bc4 Na5 17. Nf5 Bxe4 18. Nxe7+ Qxe7 19. Re1 Nxc4 20. bxc4 Bxf3 21. Qxf3 Qc7 22. d3 Rae8 23. g3 Re6 24. cxd4 Rf6 25. Qg4 exd4 26. Bc1 Ne5 27. Rxe5 Qxe5 28. Bf4 Qe6 29. Qd1 Re8 30. h4 Qc6 31. Qg4 Rfe6 32. f3 Rg6 33. Qh5 Rge6 34. Kg2 Re2+ 35. Kh3 Rf2 36. Qd5 Qe6+ 37. Qxe6 Rxe6 38. a5 h6 39. axb6 Rxb6 40. Kg4 Kh7 41. h5 g6 42. Re1 gxh5+ 43. Kxh5 Rxf3 44. Re7 Rf6 45. Re8 Rxd3 46. Be5 Rf5+ 47. Kg4 Rg5+ 48. Kh4 Rg8 49. Re7 Kg6 50. Rc7 Kf5 51. Rxc5 Rg4+ 52. Kh5 Rg5+ 53. Kxh6 Rg6+ 54. Kh5 Ke4 55. Bf4 Rd1 56. Bg5 Rh1+ 57. Bh4 Rxg3 58. Rg5 Rxg5+ 59. Kxg5 0-1

[Event "Pinneberg op Seniors 10th"]
[Site "Pinneberg"]
[Date "2009.07.02"]
[Round "2"]
[White "Reheis, Anton"]
[Black "Kock, Rudolf"]
[Result "1-0"]
[WhiteElo "1362"]
[BlackElo "1345"]
[PlyCount "120"]
[EventDate "2009.06.25"]
[EventType "swiss"]
[EventRounds "4"]
[EventCountry "GER"]
[SourceTitle "EXT 2011"]
[Source "ChessBase"]
[SourceDate "2010.11.26"]
[SourceVersion "1"]
[SourceVersionDate "2010.11.26"]
[SourceQuality "1"]

1. d4 Nf6 2. Nf3 d6 3. h3 g6 4. Bg5 Bg7 5. Nbd2 0-0 6. e3 Bd7 7. c3 a6 8. Be2 Ne8 9. 0-0 h6 10. Bf4 e6 11. Bg3 Nc6 12. e4 Ne7 13. Bd3 f5 14. exf5 Nxf5 15. Bxf5 exf5 16. Re1 Nf6 17. Qc2 Bc6 18. Nh4 Be8 19. Re2 Nh5 20. Nhf3 Nxg3 21. fxg3 Bc6 22. Qb3+ d5 23. Rae1 Qd6 24. Kh2 Rae8 25. Ne5 Bxe5 26. dxe5 Qe6 27. Nf3 Bb5 28. Nd4 Bc4 29. Nxe6 Bxb3 30. Nxf8 Bc4 31. Rd2 Kxf8 32. b3 Bb5 33. Rxd5 Bc6 34. Rd4 Ke7 35. g4 Rf8 36. Kg3 g5 37. Rf1 f4+ 38. Kh2 Ke6 39. Re1 f3 40. Rf1 f2 41. Kg3 Kxe5 42. Rxf2 Rxf2 43. Kxf2 b5 44. Rd8 Bd5 45. Rh8 c6 46. Rxh6 Be4 47. g3 a5 48. Ke3 c5 49. Rb6 b4 50. cxb4 axb4 51. Rb5 Kd5 52. Rb8 Bb1 53. Kd2 Ke4 54. Rg8 Bxa2 55. Kc2 c4 56. bxc4 Bxc4 57. Rxg5 Kf3 58. h4 Kxg3 59. h5 Kh4 60. Rg7 Be6 1-0

[Event "Pinneberg op Seniors 09th"]
[Site "Pinneberg"]
[Date "2008.07.10"]
[Round "4"]
[White "Koch, Peter Martin"]
[Black "Reheis, Anton"]
[Result "0-1"]
[WhiteElo "1216"]
[BlackElo "1308"]
[PlyCount "47"]
[EventDate "2008.06.19"]
[EventType "swiss"]
[EventRounds "5"]
[EventCountry "GER"]
[SourceTitle "EXT 2011"]
[Source "ChessBase"]
[SourceDate "2010.11.26"]
[SourceVersion "1"]
[SourceVersionDate "2010.11.26"]
[SourceQuality "1"]

1. e4 c5 2. Nc3 d6 3. Nf3 a6 4. Bc4 e6 5. 0-0 b5 6. Be2 Nc6 7. a3 Nf6 8. d4 cxd4 9. Nxd4 Bb7 10. Bf3 Ne5 11. Re1 Be7 12. Bf4 Nxf3+ 13. Qxf3 e5 14. Nf5 exf4 15. Nxg7+ Kf8 16. Nf5 Rg8 17. Rad1 Qd7 18. Nd5 Re8 19. Qxf4 Rg6 20. Rd3 Nxd5 21. exd5 Bg5 22. Rxe8+ Qxe8 23. Re3 Bxf4 24. Rxe8+ 0-1

[Event "Pinneberg op Seniors 09th"]
[Site "Pinneberg"]
[Date "2008.06.30"]
[Round "2"]
[White "Ramm, Helga"]
[Black "Reheis, Anton"]
[Result "0-1"]
[WhiteElo "920"]
[BlackElo "1308"]
[PlyCount "64"]
[EventDate "2008.06.19"]
[EventType "swiss"]
[EventRounds "5"]
[EventCountry "GER"]
[SourceTitle "EXT 2011"]
[Source "ChessBase"]
[SourceDate "2010.11.26"]
[SourceVersion "1"]
[SourceVersionDate "2010.11.26"]
[SourceQuality "1"]

1. f4 Nf6 2. e3 e6 3. Bd3 b6 4. b3 Bb7 5. Nf3 Be7 6. Nc3 c6 7. Bb2 d5 8. Ne2 Nbd7 9. Ng3 0-0 10. 0-0 Ne8 11. Ne5 Nxe5 12. Bxe5 f6 13. Qh5 f5 14. Nxf5 exf5 15. Bxf5 Nf6 16. Qh3 Bc8 17. Be6+ Kh8 18. f5 Bd6 19. Bxf6 Rxf6 20. Bxc8 Rxc8 21. Rae1 Rh6 22. Qf3 Bxh2+ 23. Kf2 Be5 24. Rh1 Rxh1 25. Rxh1 d4 26. e4 Qg5 27. Qh3 Qxd2+ 28. Kf3 Qe3+ 29. Kg4 Qxe4+ 30. Kg5 Bf6+ 31. Kh5 Qe2+ 32. g4 Qd2 0-1